Ley provincial de 29 de agosto de 1882, concordada, por medio de notas, con la de 2 de octubre de 1877 que reformó la de 20 de agosto de 1870, con extractos marginales en sus artículos ...

Publicado: Madrid : Public. de Eusebio Freixa y Rabasó , 1882
Descripción Física: 126 p. ; 19'5 cm

MARC

LEADER 00000nam a2200000Ia 4500
001 10363
008 160829s1882 xx 000 0 cat d
080 |a D-1-128 
245 |a Ley provincial de 29 de agosto de 1882, concordada, por medio de notas, con la de 2 de octubre de 1877 que reformó la de 20 de agosto de 1870, con extractos marginales en sus artículos ... 
260 |a Madrid :  |b Public. de Eusebio Freixa y Rabasó,  |c 1882 
300 |a 126 p. ;  |c 19'5 cm 
650 0 |a Administració local  |x Dret i legislació   |9 31521 
650 |a Espanya. Lleis, decrets, etc.  |9 31465 
901 |a Arxiu 
942 |n 1 
952 |0 0  |1 0  |4 0  |6 D1128  |7 1  |9 47873  |a Arxiu  |b Arxiu  |d 2016-12-01  |l 0  |o D-1-128  |p 10363  |r 2016-12-01 00:00:00  |w 2016-12-01  |y ARXIU 
999 |c 51673  |d 51673